000 00604nam a2200229Ia 4500
003 OSt
005 20220924122716.0
006 a|||||r|||| 00| 0
007 ta
008 220923b |||||||| |||| 00| 0 urd d
024 _a323802
037 _cTextual
040 _aARTS
_cARTS
_burd
041 _2urd
_aurd
082 _aY, 168G9
100 _aAaqil Mohammad Au.
_9190432
245 0 _aIjtemai zindagi ki ibtada
260 _aLucknow
_bMaktaba jamia India
_c1939
650 _aSOCIOLOGY
942 _hY, 168G9
_cTEXL
_2CC
999 _c412756
_d412756